000 00820nam a2200241 i 4500
001 105962
003 ES-MaACL
005 20230906184024.0
007 t|
008 060915s1963 fr ||||1| spa d
080 _a94(460)"1936/39"(093.3)
100 1 _aKoltsov, Mijail.
_968536
245 1 0 _aDiario de la guerra de España /
_cMijail Koltsov ; traducción del ruso.
260 _a[Paris] :
_bRuedo Ibérico,
_c[1963]
300 _a491 p. :
_bil. ;
_c24 cm.
490 1 _aEspaña contemporánea
600 1 4 _aKoltsov, Mijail.
_968536
651 4 _aEspaña-
_xHistoria-
_y1936-1939, Guerra civil-
_vRelatos personales rusos.
_9155322
710 2 _aÉditions Ruedo ibérico.
_9145333
830 1 _aEspaña contemporánea
_9180360
852 _aES-MaACL
_jAND-973
_z- Biblioteca Juan Andrade
999 _c105962
_d105962